000 00734nam a2200313Ia 4500
008 210210b1906 xxu||||| |||| 00| 0 eng d
041 _aeng
082 _a511/32(a)
100 _aCHRYSTAL (G)
245 _aAlgebra: an elementary text book for the higher classes of secondary schools and for colleges
260 _aLondon
_bAdam and Charles Black
_c1906
300 _axxiii,616
650 _athe
650 _atext
650 _asecondary
650 _aschools
650 _aof
650 _ahigher
650 _afor
650 _aelementary
650 _acolleges
650 _aclasses
650 _abook
650 _aand
650 _aan
650 _aAlgebra:
690 _aAlgebra
906 _a007106
999 _c139416
_d139416